000 00498 a2200169 4500
003 OSt
005 20230923150552.0
008 230923b |||||||| |||| 00| 0 eng d
020 _a9789355322159
040 _coclc
082 _a006.3
_bTHA/D
100 1 _aThareja, Reema
_99584
245 _aDATA SCIENCE AND MACHINE LEARNING USING PYTHON /
_cDr. Reema Thareja
260 _aIndia:
_bMcgrawhill,
_c2023.
300 _a621 p
942 _2ddc
_cBK
_h006.3
_iTHA/D
_k006.3
_mTHA/D
999 _c42318
_d42318